वस्त्र निर्माण विज्ञान / (Record no. 120597)

MARC details
000 -LEADER
fixed length control field 01177nam a22002537a 4500
005 - DATE AND TIME OF LATEST TRANSACTION
control field 20170124103200.0
010 ## - LIBRARY OF CONGRESS CONTROL NUMBER
LC control number B-117717
020 ## - INTERNATIONAL STANDARD BOOK NUMBER
Terms of availability 60.00
035 ## - SYSTEM CONTROL NUMBER
System control number B-117717
037 ## - SOURCE OF ACQUISITION
Source of stock number/acquisition Cen Lib/Ret
040 ## - CATALOGING SOURCE
Original cataloging agency DPL
Language of cataloging HN
082 ## - DEWEY DECIMAL CLASSIFICATION NUMBER
Classification number 677
Item number बटाली
100 ## - MAIN ENTRY--PERSONAL NAME
Personal name बटालीया, संतोष एस.
9 (RLIN) 103819
245 ## - TITLE STATEMENT
Title वस्त्र निर्माण विज्ञान /
Statement of responsibility, etc संतोष एस. बटालीया
246 ## - VARYING FORM OF TITLE
Title proper/short title Vastra nirman vigyan /
Remainder of title by Santosh S. Bataliya
260 ## - PUBLICATION, DISTRIBUTION, ETC. (IMPRINT)
Place of publication, distribution, etc भोपाल
Name of publisher, distributor, etc मध्यप्रदेश हिंदी ग्रन्थ अकादमी
Date of publication, distribution, etc 2003
270 ## - ADDRESS
City भोपाल
Address रविन्द्रनाथ ठाकुर मार्ग, बानगंगा
300 ## - PHYSICAL DESCRIPTION
Extent 198पृ.:
Dimensions 21सेमी(अजिल्द )
Other physical details सचित्र
650 ## - SUBJECT ADDED ENTRY--TOPICAL TERM
Topical term or geographic name as entry element वस्त्र निर्माण कला
General subdivision
Geographic subdivision
9 (RLIN) 91480
650 ## - SUBJECT ADDED ENTRY--TOPICAL TERM
Topical term or geographic name as entry element वस्त्र निर्माण-- बुनाई
9 (RLIN) 103820
650 ## - SUBJECT ADDED ENTRY--TOPICAL TERM
Topical term or geographic name as entry element Clothing Construction Art
9 (RLIN) 91482
650 ## - SUBJECT ADDED ENTRY--TOPICAL TERM
Topical term or geographic name as entry element Textile weaving Nirman
9 (RLIN) 103821
942 ## - ADDED ENTRY ELEMENTS (KOHA)
Source of classification or shelving scheme Dewey Decimal Classification
Koha item type Hindi Books
Classification part 677
Call number suffix बटाली
Holdings
Withdrawn status Lost status Damaged status Not for loan Home library Current library Date acquired Source of acquisition Cost, normal purchase price Total Checkouts Full call number Barcode Date last seen Date checked out Copy number Cost, replacement price Price effective from Koha item type
        Central Library Central Library 23/09/2015 Cen Lib/Ref 60.00 1 677 बटाली B-117717 25/01/2018 22/01/2018 1 60.00 23/09/2015 Hindi Books

© Delhi Public Library
Hit Counter
free hit counter